000 00435nam a22000977a 4500
100 _aप्रभाकर,विष्‍णु
_94847
245 _aसंस्‍कृत साहित्‍य रत्‍नावली भाग -3 भवभूति के नाटक
260 _aदिल्‍ली
_bप्रकाशन विज्ञाग
_c2017
650 _aचिल्‍ड्रन बुक
_9159
942 _cHIN
999 _c63154
_d63154